| 000 | 00407nam a22001697a 4500 | ||
|---|---|---|---|
| 003 | CEME | ||
| 005 | 20210628204140.0 | ||
| 008 | 210309b xxu||||| |||| 00| 0 eng d | ||
| 020 | _a0-89006-720-1 | ||
| 040 | _c. | ||
| 082 | _a621.381335 GIL'P | ||
| 100 |
_aGilmour, A. S _968952 |
||
| 245 | _aPrinciples of traveling wave tubes | ||
| 260 |
_aLONDON _bARTECH _c1994 |
||
| 300 | _a625P | ||
| 942 |
_cBK _2ddc |
||
| 999 |
_c576393 _d576393 |
||